| 000 | 00561nam a2200217Ia 4500 | ||
|---|---|---|---|
| 001 | 12494 | ||
| 003 | GE_BSU | ||
| 008 | 181216s||||||||xx |||||||||||||| ||und|| | ||
| 040 | _cGE_BSU | ||
| 080 | _a633(075.32) | ||
| 100 | _aПруцков,Ф.М. Рубцова,В.П. | ||
| 245 | _aРастениеводство | ||
| 245 | _cРед.В.С.Грачева | ||
| 260 | _aМосква | ||
| 260 | _bКолос | ||
| 260 | _c1964 | ||
| 300 | _a525стр.илл. | ||
| 300 | _eПриложение | ||
| 653 | _aРастениеводство | ||
| 942 | _cBK | ||
| 999 |
_c45668 _d45668 |
||